| 000 | 00753nam a2200265Ia 4500 | ||
|---|---|---|---|
| 003 | OSt | ||
| 005 | 20221005081122.0 | ||
| 006 | a|||||r|||| 00| 0 | ||
| 007 | ta | ||
| 008 | 221004b |||||||| |||| 00| 0 eng d | ||
| 020 | _a8173070877 (V 68); 81973070881 (V 911) | ||
| 024 | _a77457 | ||
| 037 | _cTextual | ||
| 040 |
_aCRL _cCRL _beng |
||
| 041 |
_2eng _aeng |
||
| 082 | _aX:97.2, M9.6-.11 (RR) | ||
| 100 | _aDesai A R Ed. | ||
| 245 | 0 |
_aLabour movement in India _b 1928-1930 |
|
| 260 |
_aNew Delhi _bPragati Publications India _c1989 |
||
| 300 |
_avp. _ccm. |
||
| 650 | _aECONOMICS | ||
| 700 | _a Dighe Sunil | ||
| 942 |
_hX:97.2, M9.6-.11 (RR) _cTEXL _2cc |
||
| 999 |
_c987185 _d987185 |
||